000 00703nam a22002057a 4500
005 20100802164256.0
010 _aENG-97653
020 _a9788189462963
_c500.00
020 _a8189462962
_c500.00
035 _aEN-81136
037 _bDBAD/PUB
082 _a808.882
245 _aDictionary of quotations
_ccomplied by Asha Puri
260 _aJaipur
_bApollo Prakashan
_c2009
270 _aShop No-25 ,Pink City Market, Raja Park
_bJaipur
300 3 _a319p.
_c22cm (Hb)
700 _aPuri, Asha
_94629
942 _2ddc
_cEN
_h808.882
_mDIC
999 _c38817
_d38817